<?xml version="1.0" encoding="UTF-8"?><?xml-stylesheet type="text/xsl" href="static/style.xsl"?><OAI-PMH xmlns="http://www.openarchives.org/OAI/2.0/" xmlns:xsi="http://www.w3.org/2001/XMLSchema-instance" xsi:schemaLocation="http://www.openarchives.org/OAI/2.0/ http://www.openarchives.org/OAI/2.0/OAI-PMH.xsd"><responseDate>2026-04-17T07:33:25Z</responseDate><request verb="GetRecord" identifier="oai:www.recercat.cat:20.500.14342/1941" metadataPrefix="marc">https://recercat.cat/oai/request</request><GetRecord><record><header><identifier>oai:recercat.cat:20.500.14342/1941</identifier><datestamp>2025-11-08T13:26:09Z</datestamp><setSpec>com_2072_482405</setSpec><setSpec>com_2072_183628</setSpec><setSpec>col_2072_482411</setSpec></header><metadata><record xmlns="http://www.loc.gov/MARC21/slim" xmlns:dcterms="http://purl.org/dc/terms/" xmlns:xsi="http://www.w3.org/2001/XMLSchema-instance" xmlns:doc="http://www.lyncode.com/xoai" xsi:schemaLocation="http://www.loc.gov/MARC21/slim http://www.loc.gov/standards/marcxml/schema/MARC21slim.xsd">
   <leader>00925njm 22002777a 4500</leader>
   <datafield ind2=" " ind1=" " tag="042">
      <subfield code="a">dc</subfield>
   </datafield>
   <datafield ind2=" " ind1=" " tag="720">
      <subfield code="a">Bruna, Olga</subfield>
      <subfield code="e">author</subfield>
   </datafield>
   <datafield ind2=" " ind1=" " tag="720">
      <subfield code="a">Subirana, Judit</subfield>
      <subfield code="e">author</subfield>
   </datafield>
   <datafield ind2=" " ind1=" " tag="720">
      <subfield code="a">Puyuelo Sanclemente, Miguel</subfield>
      <subfield code="e">author</subfield>
   </datafield>
   <datafield ind2=" " ind1=" " tag="720">
      <subfield code="a">Virgili Tejedor, Carles</subfield>
      <subfield code="e">author</subfield>
   </datafield>
   <datafield ind2=" " ind1=" " tag="720">
      <subfield code="a">Villalta Gil, Victòria</subfield>
      <subfield code="e">author</subfield>
   </datafield>
   <datafield ind2=" " ind1=" " tag="720">
      <subfield code="a">Signo Miguel, Sara</subfield>
      <subfield code="e">author</subfield>
   </datafield>
   <datafield ind2=" " ind1=" " tag="260">
      <subfield code="c">2011</subfield>
   </datafield>
   <datafield ind2=" " ind1=" " tag="520">
      <subfield code="a">The properties of processing speed measures have been of particular&#xd;
interest to many researchers. Easily described as the rate&#xd;
at which an individual is capable of performing a simple cognitive&#xd;
task, their changes associated to increasing age have&#xd;
always been a great challenge. Several studies have linked agecognitive&#xd;
impairment with processing speed. This study attempts&#xd;
to determine the importance of processing speed theory which&#xd;
describes a slowing of this capacity when increasing age in subjects&#xd;
without cognitive impairment. It also tries to evaluate&#xd;
quantitatively this decrease in order to calculate, for each age,&#xd;
a basal processing speed. A total of 357 subjects without objective&#xd;
cognitive impairment were evaluated, aging between 18&#xd;
and 85 years. Processing speed was measured using compounded&#xd;
simple and dual-tasks. High significant relation was found&#xd;
between age and both studying variables. Thus, the decreasing&#xd;
speed of information processing with age may be considered as&#xd;
a consistent measure of cognitive impairment in the aging process.</subfield>
   </datafield>
   <datafield ind2=" " ind1=" " tag="520">
      <subfield code="a">Las propiedades de la medida de velocidad de procesamiento&#xd;
de la información han sido de especial interés para un gran&#xd;
número de investigadores. Descrita de forma simple como la&#xd;
velocidad a la que un individuo es capaz de realizar una tarea&#xd;
cognitiva simple, sus cambios relacionados con el aumento&#xd;
de edad han sido siempre un reto. Diversos estudios han&#xd;
relacionado la velocidad de procesamiento de la información&#xd;
con las alteraciones cognitivas propias de la edad. El presente&#xd;
estudio pretende valorar el peso de la edad en la velocidad de&#xd;
procesamiento de la información en personas sin deterioro&#xd;
cognitivo, así como valorar esta disminución de forma cuantitativa&#xd;
para poder calcular, para cada edad, la velocidad de&#xd;
procesamiento basal. La muestra está compuesta por un total&#xd;
de 357 sujetos de edades comprendidas entre los 18 y los 85&#xd;
años, sin deterioro cognitivo objetivable. La velocidad de&#xd;
procesamiento se ha medido a través de la ejecución de tareas&#xd;
simples (simple-tasks) y tareas duales (dual-tasks). Los resultados&#xd;
muestran una relación altamente significativa entre las&#xd;
variables de agrupamiento de tareas simples y duales con la&#xd;
edad. Por tanto, la disminución progresiva de la velocidad de&#xd;
procesamiento de la información asociada a la edad puede&#xd;
considerarse como una medida consistente del deterioro cognitivo&#xd;
en el proceso de envejecimiento.</subfield>
   </datafield>
   <datafield ind1="8" ind2=" " tag="024">
      <subfield code="a">http://hdl.handle.net/20.500.14342/1941</subfield>
   </datafield>
   <datafield tag="653" ind2=" " ind1=" ">
      <subfield code="a">Trastorns de la cognició</subfield>
   </datafield>
   <datafield tag="653" ind2=" " ind1=" ">
      <subfield code="a">Envelliment</subfield>
   </datafield>
   <datafield tag="653" ind2=" " ind1=" ">
      <subfield code="a">Processament humà de la informació</subfield>
   </datafield>
   <datafield tag="653" ind2=" " ind1=" ">
      <subfield code="a">Avaluació neuropsicològica</subfield>
   </datafield>
   <datafield ind2="0" ind1="0" tag="245">
      <subfield code="a">Velocidad de procesamiento de la información como medida para la valoración del deterioro cognitivo. Estudio preliminar</subfield>
   </datafield>
</record></metadata></record></GetRecord></OAI-PMH>